000 00315nam a22001337a 4500
008 170925b xxu||||| |||| 00| 0 eng d
020 _a9780312589974
041 _aeng
080 _25 ED
_a37
100 _a46
101 _aEDU
245 _aTHE INVESTIGATIVE REPORTERS HANDBOOK
_cBRANT.H
942 _2udc
_cBK
999 _c29575
_d29575